000 00867nam a2200217Ia 4500
003 GCL
008 140319s9999 xx 000 0 ara d
020 _a3687270977
040 _aGCL /
_cGCL
082 0 4 _a812.0512
_bا ث
100 1 _aالفريد فرج
245 1 0 _aثورة الحجارة : مسرحية عن انتفاضة الشعب الفلسطينى :
_bمع دراسات عن المسرح المجهول والاتجاهات الحديثة فى المسرح العالمى /
_cالفريد فرج
250 _aالاولى
260 _aالقاهرة :
_bالدار المصرية اللبنانية ،
_c2001
300 _a158 ص ؛
_c16 سم
650 0 4 _aالمسرحية العربية
650 0 4 _aالفنون المسرحية
650 0 4 _aالحبكة الادبية
650 0 4 _aالمسرحيات السياسية
942 _2ddc
_cBK
999 _c8016
_d8016